00407nam a2200169Ia 4500003000400000005001700004008004100021020001500062040000700077041000800084082002200092100001700114245003800131260004300169300001200212365001300224OSt20230517111927.0210423s2011 xx 000 0 und d a8121935849 cAL aeng a574.1925 BHAS223 aBHATT (S M). aEnzymology and enzyme technology. aNew DelhibS Chand & Company Ltdc2011 a442bPB b195cINR